000 00611nam a2200181Ia 4500
008 151018s9999 xx 000 0 und d
082 _bRBASDV11112
_a891.463
100 _aसदाशिव आठवले
245 _aपिशाच्च सुंदरी
250 _b1
260 _bप्रपंच प्रकाशन पुणे
_c1976
300 _a174
600 _aसदाशिव आठवले
630 _aपिशाच्च सुंदरी
700 _aसदाशिव आठवले
730 _aपिशाच्च सुंदरी
942 _cBOOK
999 _c1013463
_d1013460